Sports Quiz

Random Sports or MLB Quiz

MLB Home Run Leaders/Team 2011 Quiz Stats

Quiz not verified by Sporcle

Also try: Sports by Referee
Challenge
Share
Tweet
Embed
Score 0/150 Timer 10:00
0 Plays Today
Team Last Name % Correct
Philadelphia PhilliesRyan Howard
97.6%
Atlanta BravesChipper Jones
95.1%
Milwaukee BrewersPrince Fielder
95.1%
Pittsburgh PiratesGarrett Jones
95.1%
Baltimore OriolesAdam Jones
95.1%
St. Louis CardinalsAlbert Pujols
92.7%
Cincinnati RedsJoey Votto
92.7%
Pittsburgh PiratesAndrew McCutchen
92.7%
Detroit TigersMiguel Cabrera
92.7%
Cleveland IndiansAsdrubal Cabrera
92.7%
Kansas City RoyalsMelky Cabrera
92.7%
Atlanta BravesAlex Gonzalez
90.2%
Florida MarlinsMike Stanton
90.2%
Milwaukee BrewersRyan Braun
90.2%
Colorado RockiesCarlos Gonzalez
90.2%
Boston Red SoxAdrian Gonzalez
90.2%
Tampa Bay RaysEvan Longoria
90.2%
Toronto Blue JaysJose Bautista
90.2%
Philadelphia PhilliesJimmy Rollins
87.8%
New York MetsCarlos Beltran
87.8%
Los Angeles DodgersMatt Kemp
87.8%
San Francisco GiantsBrandon Belt
87.8%
Boston Red SoxDavid Ortiz
87.8%
New York MetsDavid Wright
85.4%
Florida MarlinsHanley Ramirez
85.4%
St. Louis CardinalsMatt Holliday
85.4%
Cincinnati RedsJay Bruce
85.4%
Cincinnati RedsBrandon Phillips
85.4%
Chicago CubsCarlos Pena
85.4%
Chicago CubsAramis Ramirez
85.4%
New York YankeesCurtis Granderson
85.4%
New York YankeesMark Teixeira
85.4%
Toronto Blue JaysEdwin Encarnacion
85.4%
Chicago White SoxAlexei Ramirez
85.4%
Texas RangersJosh Hamilton
85.4%
Washington NationalsJayson Werth
80.5%
Houston AstrosHunter Pence
80.5%
Los Angeles DodgersAndre Ethier
80.5%
San Francisco GiantsPablo Sandoval
80.5%
Arizona DiamondbacksJustin Upton
80.5%
Colorado RockiesTroy Tulowitzki
80.5%
New York YankeesRobinson Cano
80.5%
Tampa Bay RaysBJ Upton
80.5%
Houston AstrosCarlos Lee
78%
Kansas City RoyalsAlex Gordon
78%
Chicago White SoxPaul Konerko
78%
Texas RangersIan Kinsler
78%
Texas RangersAdrian Beltre
78%
Atlanta BravesDan Uggla
75.6%
Chicago CubsAlfonso Soriano
75.6%
Team Last Name % Correct
Arizona DiamondbacksChris Young
75.6%
New York YankeesRussell Martin
75.6%
Boston Red SoxDustin Pedroia
75.6%
Tampa Bay RaysBen Zobrist
75.6%
Atlanta BravesFreddie Freeman
73.2%
Milwaukee BrewersRickie Weeks
70.7%
Kansas City RoyalsBilly Butler
70.7%
Philadelphia PhilliesRaul Ibanez
68.3%
New York MetsJose Reyes
68.3%
Houston AstrosChris Johnson
68.3%
Arizona DiamondbacksKelly Johnson
68.3%
Boston Red SoxJacoby Ellsbury
68.3%
Baltimore OriolesMark Reynolds
68.3%
Texas RangersNelson Cruz
68.3%
St. Louis CardinalsLance Berkman
65.9%
Toronto Blue JaysAdam Lind
65.9%
Chicago CubsStarlin Castro
63.4%
Atlanta BravesBrian McCann
58.5%
Pittsburgh PiratesNeil Walker
58.5%
New York YankeesNick Swisher
58.5%
Kansas City RoyalsEric Hosmer
58.5%
Minnesota TwinsMichael Cuddyer
56.1%
Anaheim AngelsTorii Hunter
56.1%
Philadelphia PhilliesShane Victorino
53.7%
St. Louis CardinalsYadier Molina
53.7%
Milwaukee BrewersCorey Hart
53.7%
Baltimore OriolesJJ Hardy
53.7%
Minnesota TwinsJim Thome
53.7%
Anaheim AngelsMark Trumbo
53.7%
New York MetsJason Bay
51.2%
Cleveland IndiansCarlos Santana
51.2%
Oakland A'sJosh Willingham
51.2%
New York MetsLucas Duda
48.8%
San Francisco GiantsAubrey Huff
48.8%
Anaheim AngelsHowie Kendrick
48.8%
Colorado RockiesSeth Smith
46.3%
Baltimore OriolesMatt Wieters
46.3%
Cleveland IndiansTravis Hafner
46.3%
Chicago White SoxCarlos Quentin
46.3%
Texas RangersMike Napoli
46.3%
Florida MarlinsGaby Sanchez
43.9%
St. Louis CardinalsAllen Craig
43.9%
Baltimore OriolesNick Markakis
43.9%
Washington NationalsMichael Morse
41.5%
Los Angeles DodgersJames Loney
41.5%
Boston Red SoxKevin Youkilis
41.5%
San Diego PadresRyan Ludwick
39%
Detroit TigersJhonny Peralta
39%
Chicago White SoxAlex Rios
39%
Anaheim AngelsVernon Wells
39%
Team Last Name % Correct
Seattle MarinersMike Carp
39%
Seattle MarinersCasper Wells
39%
Arizona DiamondbacksMiguel Montero
36.6%
Tampa Bay RaysMatt Joyce
36.6%
Kansas City RoyalsJeff Francoeur
36.6%
Washington NationalsDanny Espinosa
34.1%
Arizona DiamondbacksRyan Roberts
34.1%
Oakland A'sScott Sizemore
34.1%
Washington NationalsWilson Ramos
31.7%
Tampa Bay RaysJohnny Damon
31.7%
Minnesota TwinsJason Kubel
31.7%
Minnesota TwinsTrevor Plouffe
31.7%
Florida MarlinsLogan Morrison
29.3%
Seattle MarinersJustin Smoak
29.3%
Milwaukee BrewersCasey McGehee
26.8%
Cincinnati RedsDrew Stubbs
26.8%
Detroit TigersAlex Avila
26.8%
Oakland A'sKurt Suzuki
26.8%
San Francisco GiantsCody Ross
24.4%
Oakland A'sHideki Matsui
24.4%
Philadelphia PhilliesJohn Mayberry
22%
Florida MarlinsJohn Buck
22%
Colorado RockiesChris Iannetta
22%
San Diego PadresCameron Maybin
22%
Toronto Blue JaysJP Arencibia
22%
Pittsburgh PiratesLyle Overbay
19.5%
San Diego PadresWill Venable
17.1%
Chicago CubsGeovany Soto
14.6%
Washington NationalsLaynce Nix
12.2%
Los Angeles DodgersRod Barajas
12.2%
Los Angeles DodgersJuan Rivera
12.2%
Colorado RockiesTy Wigginton
12.2%
San Diego PadresNick Hundley
12.2%
San Diego PadresOrlando Hudson
12.2%
Oakland A'sDavid DeJesus
12.2%
Seattle MarinersMiguel Olivo
12.2%
Cincinnati RedsChris Heisey
9.8%
Detroit TigersBrennan Boesch
9.8%
Minnesota TwinsDanny Valencia
9.8%
Pittsburgh PiratesRyan Doumit
7.3%
Houston AstrosClint Barmes
7.3%
San Francisco GiantsNate Schierholtz
7.3%
Detroit TigersRyan Raburn
7.3%
Seattle MarinersAdam Kennedy
7.3%
Cleveland IndiansShelley Duncan
4.9%
Chicago White SoxBrent Lillibridge
4.9%
Houston AstrosMatt Downs
2.4%
Toronto Blue JaysEric Thames
2.4%
Cleveland IndiansMatt LaPorta
2.4%
Anaheim AngelsPeter Bourjos
0%

You're not logged in!

Compare scores with friends on all Sporcle quizzes.
Join for Free
OR
Log In

You Might Also Like...

Show Comments

Extras

Top Quizzes Today


Score Distribution

Your Account Isn't Verified!

In order to create a playlist on Sporcle, you need to verify the email address you used during registration. Go to your Sporcle Settings to finish the process.

Report this User

Report this user for behavior that violates our Community Guidelines.

Details: